zpět

Detail výsledku týmu

Mama Shelter - Holešovice, Praha

Datum a čas kvízu

29.5 Celkem bodů Celkový počet nahraných bodů na tomto kvízu bez doplňovacích otázek.
10. Pořadí na kvízu Konečné umístění týmu na tomto kvízu.

Zaznamenané odpovědi

# Otázka Odpověď Body Výsledky
1. Minulý týden byla spuštěna rek... Pokáč 0
2. Aprílové žerty jsou populární... Volkswagen 0
3. Švédská společnost Pophouse mi... Kiss 0
4. Od 1. 4. 2024 se mění podmínky... A 0
5. V pondělí odpoledne bylo oznám... Formule 1 1
6. Zobrazený anglický lékař roku... William Harvey 0
7. Kterým slovem na M se označuje... menarche/menarché 0
8. Vyberte pravdivé tvrzení: D 0
9. Hemofilie je geneticky podmíně... Alexej; chromozom X 0.5
10. Uveďte rodové jméno zvířete, p... makak (makak rhesus) 1